Design of concrete structures (Record no. 547005)
[ view plain ]
| 000 -LEADER | |
|---|---|
| fixed length control field | 00794cam a2200229 4500 |
| 020 ## - INTERNATIONAL STANDARD BOOK NUMBER | |
| International Standard Book Number | 0070711151 |
| 082 00 - DEWEY DECIMAL CLASSIFICATION NUMBER | |
| Classification number | 624.1834 |
| Author Mark | WIN |
| -- | L-26, P-39 |
| 100 1# - MAIN ENTRY--PERSONAL NAME | |
| Personal name | Winter, George, |
| 9 (RLIN) | 26880 |
| 245 10 - TITLE STATEMENT | |
| Title | Design of concrete structures |
| Statement of responsibility, etc. | [by] George Winter [and] Arthur H. Nilson. |
| 250 ## - EDITION STATEMENT | |
| Edition statement | 8th ed. |
| 260 ## - PUBLICATION, DISTRIBUTION, ETC. | |
| Place of publication, distribution, etc. | New York, |
| Name of publisher, distributor, etc. | McGraw-Hill |
| Date of publication, distribution, etc. | [1972] |
| 300 ## - PHYSICAL DESCRIPTION | |
| Extent | xii, 615 p. |
| Other physical details | illus. |
| Dimensions | 24 cm. |
| 500 ## - GENERAL NOTE | |
| General note | "A textbook originated by L. C. Urquhart and C. E. O'Rourke." |
| 526 ## - STUDY PROGRAM INFORMATION NOTE | |
| Program name | 0 |
| Interest level | 0 |
| Reading level | 0 |
| Title point value | 624_183400000000000_WIN |
| 526 ## - STUDY PROGRAM INFORMATION NOTE | |
| Program name | 0 |
| Interest level | 0 |
| Reading level | 0 |
| Title point value | 624_183400000000000_WIN |
| 650 #0 - SUBJECT ADDED ENTRY--TOPICAL TERM | |
| Topical term or geographic name entry element | MCE |
| 9 (RLIN) | 379 |
| 650 #0 - SUBJECT ADDED ENTRY--TOPICAL TERM | |
| Topical term or geographic name entry element | Prestressed concrete construction. |
| 9 (RLIN) | 20245 |
| 650 #0 - SUBJECT ADDED ENTRY--TOPICAL TERM | |
| Topical term or geographic name entry element | Reinforced concrete construction. |
| 700 1# - ADDED ENTRY--PERSONAL NAME | |
| Personal name | Nilson, Arthur H., |
| 9 (RLIN) | 20244 |
| 700 1# - ADDED ENTRY--PERSONAL NAME | |
| Personal name | Urquhart, Leonard Church, |
| 9 (RLIN) | 42273 |
| 942 ## - ADDED ENTRY ELEMENTS (KOHA) | |
| Source of classification or shelving scheme | |
| Koha item type | Book |
| Withdrawn status | Lost status | Source of classification or shelving scheme | Damaged status | Not for loan | Permanent Location | Current Location | Date acquired | Total Checkouts | Full call number | Barcode | Date last seen | Date last checked out | Price effective from | Koha item type |
|---|---|---|---|---|---|---|---|---|---|---|---|---|---|---|
| Military College of Engineering (MCE) | Military College of Engineering (MCE) | 06/27/2014 | 1 | 624.1834 WIN | MCE-12852 | 07/03/2014 | 07/03/2014 | 06/27/2014 | Book | |||||
| Military College of Engineering (MCE) | Military College of Engineering (MCE) | 03/24/2017 | 1 | 624.1834 WIN | MCE-8485 | 01/26/2018 | 09/28/2017 | 03/24/2017 | Book |
